Normal view
MARC view
- Scott, Robert Falcon
Entry Personal Name
001 - CONTROL NUMBER
- control field: 49682
003 - CONTROL NUMBER IDENTIFIER
- control field: NUST
005 - DATE AND TIME OF LATEST TRANSACTION
- control field: 20210314134419.0
008 - FIXED-LENGTH DATA ELEMENTS
- fixed length control field: 210314|| aca||aabn | a|a d
040 ## - CATALOGING SOURCE
- Original cataloging agency: NUST
- Transcribing agency: NUST
100 ## - HEADING--PERSONAL NAME
- Personal name: Scott, Robert Falcon
670 ## - SOURCE DATA FOUND
- Source citation: Work cat.: (NUST): Scott, Robert Falcon,, Scott's last expedition ..., 1913.
